Central Library OPAC University of Rajshahi

The library assistant's manual / (Record no. 442)

MARC details
000 -LEADER
fixed length control field 01044cam a2200325 a 4500
001 - CONTROL NUMBER
control field 442
003 - CONTROL NUMBER IDENTIFIER
rucl marc code BD-RjUL
005 - DATE AND TIME OF LATEST TRANSACTION
control field 20211208233159.0
008 - FIXED-LENGTH DATA ELEMENTS--GENERAL INFORMATION
fixed length control field 830701s1982 enka bf 001 0 eng
020 ## - INTERNATIONAL STANDARD BOOK NUMBER
International Standard Book Number 0851573509
035 ## - SYSTEM CONTROL NUMBER
System control number (BD-RjUL) 459
040 ## - CATALOGING SOURCE
Original cataloging agency DLC
Transcribing agency DLC
Modifying agency (BD-RjUL)
Language of cataloging eng
041 ## - LANGUAGE CODE
Language code of text/sound track or separate title eng
082 00 - DEWEY DECIMAL CLASSIFICATION NUMBER
Classification number 020.202
Edition number 19
Author mark and year CHL
100 1# - MAIN ENTRY--PERSONAL NAME
Personal name Chirgwin, F. John,
Dates associated with a name 1936-
9 (RLIN) 1378
Fuller form of name Chirgwin F. John
245 14 - TITLE STATEMENT
Title The library assistant's manual /
Statement of responsibility, etc. F. John Chirgwin and Phyllis Oldfield.
250 ## - EDITION STATEMENT
Edition statement 2nd rev. ed.
260 ## - PUBLICATION, DISTRIBUTION, ETC. (IMPRINT)
Place of publication, distribution, etc. London :
Name of publisher, distributor, etc. C. Bingley,
Date of publication, distribution, etc. c1982.
300 ## - PHYSICAL DESCRIPTION
Pagination 137 p. :
Illustrations ill. ;
Size 23 cm.
500 ## - GENERAL NOTE
General note Includes index.
504 ## - BIBLIOGRAPHY, ETC. NOTE
Bibliography, etc Bibliography: p. 131.
526 ## - STUDY PROGRAM INFORMATION NOTE
Requested Dept. Library science.
650 #0 - SUBJECT ADDED ENTRY--TOPICAL TERM
Topical term or geographic name as entry element Library science
Geographic subdivision Great Britain
General subdivision Handbooks, manuals, etc.
9 (RLIN) 1380
Topical term or geographic name as entry element Library technicians
Geographic subdivision Great Britain
General subdivision Handbooks, manuals, etc.
9 (RLIN) 1381
700 1# - ADDED ENTRY--PERSONAL NAME
Personal name Oldfield, Phyllis,
Dates associated with a name 1922-
942 ## - ADDED ENTRY ELEMENTS (KOHA)
Source of classification or shelving scheme Dewey Decimal Classification
Koha item type Books
Holdings
Lost status Source of classification or shelving scheme Damaged status Not for loan Permanent Location Current Location Shelving location Date acquired Source of acquisition Cost, normal purchase price Total Checkouts Full call number Date last seen Copy number Koha item type
  Dewey Decimal Classification   Not For Loan Central Library, University of Rajshahi Central Library, University of Rajshahi Reading Room 20/09/1997 British council, Rajshahi 0.00   020.202 CHL 1982 18/11/2013 C-1 Books